| 000 | 00448nam a2200181Ia 4500 | ||
|---|---|---|---|
| 008 | 180207s9999 xx 000 0 und d | ||
| 020 | _a9780545069564 | ||
| 050 | _bT188 2003 | ||
| 100 | _aTarlow, Ellen | ||
| 245 | _aNot dots / | ||
| 245 | _cby Ellen Tarlow ; illustrated by Elisa Kleven. | ||
| 260 | _aNew York : | ||
| 260 | _bScholastic, | ||
| 260 | _c2003 | ||
| 300 | _a9 pages : | ||
| 300 | _bcolor illustrations ; | ||
| 300 | _c18cm. | ||
| 999 |
_c355814 _d355814 |
||